Wer ist der oder die Jüngste? - Statistiken

Allgemein
  • Dieses Quiz wurde 91 mal gespielt
  • Das Durchschnittsergebnis liegt bei 4 aus 12
Antwortstatistiken
Frage Antwort % Korrekt
Wer ist der oder die Jüngste? Mark Forster
65%
Wer ist der oder die Jüngste? Olaf Scholz
59%
Wer ist der oder die Jüngste? Katarina Witt
53%
Wer ist der oder die Jüngste? Kai Pflaume
47%
Wer ist der oder die Jüngste? Jan Böhmermann
41%
Wer ist der oder die Jüngste? Eminem
29%
Wer ist der oder die Jüngste? Olivia Jones
29%
Wer ist der oder die Jüngste? Boris Becker
24%
Wer ist der oder die Jüngste? Klaas
24%
Wer ist der oder die Jüngste? Oliver Welke
24%
Wer ist der oder die Jüngste? Guido Cantz
18%
Wer ist der oder die Jüngste? Horst Lichter
18%
Keine übereinstimmenden Quizze gefunden
Verteilung der Resultate
Anzahl Personen mit jedem Resultat
Perzentil nach korrekt beantworteten Fragen
Ihre Resultats-Entwicklung
Sie haben dieses Quiz noch nicht gespielt